Introducciones a la filosofía de la historia universal

Enregistré dans:
Détails bibliographiques
Auteur principal: Hegel, Georg Wilhelm Friedrich (autor)
Format: Livre
Langue:espagnol
allemand
Publié: Madrid Istmo 2005
Édition:1a. ed
Collection:Agora de Ideas, 221
Sujets:
Tags: Ajouter un tag
Pas de tags, Soyez le premier à ajouter un tag!

MARC

LEADER 00000cam a2200000 a 4500
001 UCE8870
003 CL-VaPUC
008 150911e20050000sp |||||||||||||||||spa|d
020 |a 8470904493 
041 0 7 |a spa  |2 CL-VaPUC 
041 0 7 |a ger  |2 CL-VaPUC 
082 0 4 |a 901  |b HEG  |2 21 
100 |a Hegel, Georg Wilhelm Friedrich  |e autor  |9 580639 
245 1 0 |a Introducciones a la filosofía de la historia universal 
250 |a 1a. ed 
300 |a 269 p 
942 |c BK 
945 |d 20150911 12:29:00  |a dcastane 
260 |a Madrid  |b Istmo  |c 2005 
650 0 |a Filosofía de la historia  |9 265651 
650 0 |a Filosofía alemana   |9 265002 
583 |a last modification  |c 20150911 12:29:00  |k Rodrigo Vera 
490 0 |a Agora de Ideas, 221 
999 |c 360633  |d 360631 
952 |0 0  |1 0  |3 erb  |4 0  |6 901_000000000000000_HEG_2005  |7 0  |8 A  |9 470517  |a BIBEDU  |b BIBEDU  |i 5197422  |o 901 HEG 2005  |p 5197422  |r 2019-11-23  |w 2019-11-23  |y BK  |z Catalogado en:20150911  |k FIL